<?xml version="1.0" encoding="UTF-8"?>
<record
    xmlns:xsi="http://www.w3.org/2001/XMLSchema-instance"
    xsi:schemaLocation="http://www.loc.gov/MARC21/slim http://www.loc.gov/standards/marcxml/schema/MARC21slim.xsd"
    xmlns="http://www.loc.gov/MARC21/slim">

  <leader>02268njm a2200397Ia 4500</leader>
  <controlfield tag="001">23979</controlfield>
  <controlfield tag="003">IT-RoPAU</controlfield>
  <controlfield tag="005">20220918181121.0</controlfield>
  <controlfield tag="008">131025s9999    xx            000 0 und d</controlfield>
  <datafield tag="040" ind1=" " ind2=" ">
    <subfield code="a">IT-RoPAU</subfield>
  </datafield>
  <datafield tag="040" ind1=" " ind2=" ">
    <subfield code="c">IT-RoPAU</subfield>
  </datafield>
  <datafield tag="999" ind1=" " ind2=" ">
    <subfield code="c">99788</subfield>
    <subfield code="d">99788</subfield>
  </datafield>
  <datafield tag="999" ind1=" " ind2=" ">
    <subfield code="b">n.d.</subfield>
  </datafield>
  <datafield tag="100" ind1=" " ind2=" ">
    <subfield code="a">AA.VV.</subfield>
    <subfield code="9">794</subfield>
  </datafield>
  <datafield tag="100" ind1=" " ind2=" ">
    <subfield code="e">Autore musica</subfield>
    <subfield code="9">8017</subfield>
  </datafield>
  <datafield tag="100" ind1=" " ind2=" ">
    <subfield code="g">Codice autore musica SPICS: 12000</subfield>
    <subfield code="9">796</subfield>
  </datafield>
  <datafield tag="245" ind1=" " ind2=" ">
    <subfield code="a">Kleinorgel Historic Cabinet and Portable Organs (Die)-Lp 020 569</subfield>
  </datafield>
  <datafield tag="250" ind1=" " ind2=" ">
    <subfield code="a">1a ed.</subfield>
  </datafield>
  <datafield tag="260" ind1=" " ind2=" ">
    <subfield code="a">GERMANY</subfield>
  </datafield>
  <datafield tag="260" ind1=" " ind2=" ">
    <subfield code="b">TELEFUNKEN</subfield>
    <subfield code="c">1961 [1a Ed.:1961]</subfield>
  </datafield>
  <datafield tag="300" ind1=" " ind2=" ">
    <subfield code="a">DISCO</subfield>
  </datafield>
  <datafield tag="300" ind1=" " ind2=" ">
    <subfield code="c">47 minuti (Testo:  pag.)</subfield>
  </datafield>
  <datafield tag="500" ind1=" " ind2=" ">
    <subfield code="a">Musica classica strumentale. Organo</subfield>
  </datafield>
  <datafield tag="505" ind1=" " ind2=" ">
    <subfield code="a">Ricercare primi toni (3:00) - Hymne Ave Maris Stella (4:00) - Fantasia primi toni/Tertii toni/Octavi toni (4:00) - Von Der Fortuna Werd'Ich Getrieben (4:00) - A Fancy in A-The Kings Juell (6:00) - Sonata V - Canzona (5:00) - Wie Schon Leuchtet Der Morgenstern (5:00) - Chaconne in re mineur (5:00) - Vous qui desirez sans fin (7:00)</subfield>
  </datafield>
  <datafield tag="650" ind1=" " ind2=" ">
    <subfield code="a">CLASSICA [DISCHI]</subfield>
    <subfield code="e">Codice MATERIA SPICS: 9950</subfield>
    <subfield code="9">1157</subfield>
  </datafield>
  <datafield tag="700" ind1=" " ind2=" ">
    <subfield code="a">Palestrina Giovanni Pierluigi da</subfield>
    <subfield code="d">Codice autore musica SPICS: 10683</subfield>
    <subfield code="e">Autore musica</subfield>
    <subfield code="p">Ricercare primi toni</subfield>
    <subfield code="9">8018</subfield>
  </datafield>
  <datafield tag="700" ind1=" " ind2=" ">
    <subfield code="a">Frescobaldi Girolamo</subfield>
    <subfield code="d">Codice autore musica SPICS: 12254</subfield>
    <subfield code="e">Autore musica</subfield>
    <subfield code="p">Hymne Ave Maris Stella</subfield>
    <subfield code="9">8019</subfield>
  </datafield>
  <datafield tag="700" ind1=" " ind2=" ">
    <subfield code="a">Tomas De Santa Maria</subfield>
    <subfield code="d">Codice autore musica SPICS: 14349</subfield>
    <subfield code="e">Autore musica</subfield>
    <subfield code="p">Fantasia primi toni/Tertii toni/Octavi toni</subfield>
    <subfield code="9">8020</subfield>
  </datafield>
  <datafield tag="700" ind1=" " ind2=" ">
    <subfield code="a">Sweelinck J.P.</subfield>
    <subfield code="d">Codice autore musica SPICS: 14350</subfield>
    <subfield code="e">Autore musica</subfield>
    <subfield code="p">Von Der Fortuna Werd'Ich Getrieben</subfield>
    <subfield code="9">8021</subfield>
  </datafield>
  <datafield tag="700" ind1=" " ind2=" ">
    <subfield code="a">Gibbons Orlando</subfield>
    <subfield code="d">Codice autore musica SPICS: 14351</subfield>
    <subfield code="e">Autore musica</subfield>
    <subfield code="p">A Fancy in A-The Kings Juell</subfield>
    <subfield code="9">8022</subfield>
  </datafield>
  <datafield tag="700" ind1=" " ind2=" ">
    <subfield code="a">Casanoves Narciso</subfield>
    <subfield code="d">Codice autore musica SPICS: 14352</subfield>
    <subfield code="e">Autore musica</subfield>
    <subfield code="p">Sonata V</subfield>
    <subfield code="9">8023</subfield>
  </datafield>
  <datafield tag="700" ind1=" " ind2=" ">
    <subfield code="a">Zipoli Domenico</subfield>
    <subfield code="d">Codice autore musica SPICS: 7835</subfield>
    <subfield code="e">Autore musica</subfield>
    <subfield code="p">Canzona</subfield>
    <subfield code="9">8024</subfield>
  </datafield>
  <datafield tag="700" ind1=" " ind2=" ">
    <subfield code="a">Buxtehude Dietrich</subfield>
    <subfield code="d">Codice autore musica SPICS: 14345</subfield>
    <subfield code="e">Autore musica</subfield>
    <subfield code="p">Wie Schon Leuchtet Der Morgenstern</subfield>
    <subfield code="9">8025</subfield>
  </datafield>
  <datafield tag="700" ind1=" " ind2=" ">
    <subfield code="a">Couperin Louis</subfield>
    <subfield code="d">Codice autore musica SPICS: 14353</subfield>
    <subfield code="e">Autore musica</subfield>
    <subfield code="p">Chaconne in re mineur</subfield>
    <subfield code="9">8026</subfield>
  </datafield>
  <datafield tag="700" ind1=" " ind2=" ">
    <subfield code="a">Corrette Michel</subfield>
    <subfield code="d">Codice autore musica SPICS: 13159</subfield>
    <subfield code="e">Autore musica</subfield>
    <subfield code="p">Vous qui desirez sans fin</subfield>
    <subfield code="9">8027</subfield>
  </datafield>
  <datafield tag="942" ind1=" " ind2=" ">
    <subfield code="c">MD</subfield>
    <subfield code="2">ddc</subfield>
  </datafield>
  <datafield tag="952" ind1=" " ind2=" ">
    <subfield code="0">0</subfield>
    <subfield code="1">0</subfield>
    <subfield code="4">0</subfield>
    <subfield code="6">23979_000000000000000</subfield>
    <subfield code="7">1</subfield>
    <subfield code="a">SPICS</subfield>
    <subfield code="b">SPICS</subfield>
    <subfield code="d">2013-10-25</subfield>
    <subfield code="l">0</subfield>
    <subfield code="o">23979</subfield>
    <subfield code="r">2013-10-25 00:00:00</subfield>
    <subfield code="w">2013-10-25</subfield>
    <subfield code="y">MD</subfield>
    <subfield code="z">Progr. Ins.: 4826 / N.Vol.: 1 / Copie: 1 - Copia rara: n.d. / date import: 01.01.2014 - By Epidotti, Trombetti, Vaglietti</subfield>
  </datafield>
</record>
